01013nam a2200241 a 4500001000400000003001000004005001700014008004100031020001800072040002500090080002500115110003800140245011400178250002500292260003600317300002000353500015000373504002500523610005500548650004100603650005400644650007300698567BR-CuiBMT20231129223138.0230711s2014 mtb s000 0 por d a9788598587394 aBR-CuiBMTcBR-CuiBMT a351.94:336.148220071 aMato Grosso.bTribunal de Contas.10aConsolidação de entendimentos técnicos :bsúmulas e prejulgados /cTribunal de Contas de Mato Grosso. a6. ed., rev. e ampl. aCuiabá :bPublicontas,c2014. a304 p. ;c23 cm aPublicações do Diário Oficial do Estado de Mato Grosso e do Diário Oficial de Contas do TCE-MT. Período de janeiro/2001 a janeiro/2014. aInclui bibliografia.1 aMato Grosso.bTribunal de ContasxControle externo aControle administrativozMato Grosso aFiscalizaçãoxTribunal de contaszMato Grosso aOrientações técnicasxAdministração públicazMato Grosso